Recopilación periodística a 30 años del golpe militar 1976-2006 : terrorismo de estado :

Guardado en:
Formato: Libro
Publicado: Neuquén : Asamblea por los Derechos Humanos, 2006
Materias:
Etiquetas: Agregar Etiqueta
Sin Etiquetas, Sea el primero en etiquetar este registro!
LEADER 00659nam a22001815a 4500
001 EHU.bham041321
003 AR-BHAM
005 20120713180045.0
008 130507s2006##################000#0#####d
082 3 2 |a 323.982 
245 0 0 |a Recopilación periodística a 30 años del golpe militar 1976-2006 :  |b terrorismo de estado :  |c Asamblea Por Los Derechos Humanos 
260 |a Neuquén :  |b Asamblea por los Derechos Humanos,  |c 2006 
300 |a 320 p. 
653 |a Dictadura militar argentina 
653 |a Periodismo argentino 
653 |a Terrorismo de estado 
653 |a Derechos humanos 
859 |a AR-BHAM  |b BIB. HUMANIDADES - Derechos Humanos  |h 323.982  |i T278  |p 58.11  |t Ej.1  |v DH